Les Enfoirés 2023 : Toutes les chansons - Statistiques

Statistiques générales
  • Ce quiz a été pris 55 fois
  • Le résultat moyen est 21 sur 27
Statistiques - réponses
Hint Réponse % Correct
26) Rêvons
94%
5) Barbie girl
89%
1) Le dernier jour du disco
89%
22) Les ballons rouges
89%
6) Mon frère
89%
25) Des bouts de moi
83%
10) La bombe humaine
83%
27) La chanson des Restos
83%
24) La pêche à la ligne
83%
12) Le bal des Laze
83%
4) Banana Split
78%
3) Casting
78%
14) Corsica
78%
7) Désenchantée
78%
2) Freed from desire
78%
13) Libre
78%
23) Eté 90
72%
17) Je l'aime à mourir
72%
18) La groupie du pianiste
72%
8) Shallow
72%
20) Couleur menthe à l'eau
67%
19) La quête
67%
21) Toutes les machines ont un coeur
67%
16) Comment est ta peine
61%
15) Dans un autre monde
61%
9) I feel it coming
56%
11) Viens on s'aime
56%
Aucun quiz correspondant
Distribution des résultats
% des personnes avec chaque résultat
Percentile par nombre de réponses
Votre historique - résultats
Vous n’avez pas pris ce quiz